Some further portions of the diary of Lady Willoughby (Record no. 7982)

MARC details
000 -CABECERA
campo de control de longitud fija 01429nam a2200277 a 4500
001 - NÚMERO DE CONTROL
campo de control BRCA_8314
005 - FECHA Y HORA DE LA ÚLTIMA TRANSACCIÓN
campo de control 20190320210225.0
008 - DATOS DE LONGITUD FIJA--INFORMACIÓN GENERAL
campo de control de longitud fija 240614s1848----enk####f##---#000-0#eng-#
041 ## - CÓDIGO DE LENGUA
Código de lengua del texto/banda sonora o título independiente eng
044 ## - CÓDIGO DEL PAÍS DE LA ENTIDAD EDITORA/PRODUCTORA
Código MARC del país enk
050 #4 - SIGNATURA TOPOGRÁFICA DE LA BIBLIOTECA DEL CONGRESO
Número de clasificación PZ3
Número de documento/Ítem .R38 1848
100 1# - ENTRADA PRINCIPAL--NOMBRE DE PERSONA
Nombre de persona Rathbone, Hannah Mary
Fechas asociadas al nombre 1798-1878
9 (RLIN) 20758
245 10 - MENCIÓN DE TÍTULO
Título Some further portions of the diary of Lady Willoughby
Resto del título which do relate to her domestic history and to the events of the latter years of the reign of King Charles the First, the protectorate, and the restoration.
Mención de responsabilidad, etc. Lady Willoughby.
260 ## - PUBLICACIÓN, DISTRIBUCIÓN, ETC.
Lugar de publicación, distribución, etc. Londres
Nombre del editor, distribuidor, etc. Longman, Brown, Green and Longmans
Fecha de publicación, distribución, etc. 1848
300 ## - DESCRIPCIÓN FÍSICA
Extensión 2 v.
Dimensiones 22 cm.
500 ## - NOTA GENERAL
Nota general Dos ejemplares inventariados por el Banco de México como un solo libro
500 ## - NOTA GENERAL
Nota general Estado físico: volumen 2 con tapas y lomo rotos, sujetados por un lazo
500 ## - NOTA GENERAL
Nota general R2
505 0# - NOTA DE CONTENIDO CON FORMATO
Nota de contenido con formato v.1 Some further portions of the diary of Lady Willoughby and to the events of the latter years of the reign of King Charles the First, the protectorate, and the restoration.-- v2. So much of the Diary of Lady Willoughby as relates to her domestic History an to the eventful period of reign of Charles the First
600 14 - PUNTO DE ACCESO ADICIONAL DE MATERIA--NOMBRE DE PERSONA
Nombre de persona Willoughby, Elizabeth Cecil
Títulos y otros términos asociados al nombre Baronesa
Fechas asociadas al nombre 1663?m
9 (RLIN) 20759
600 14 - PUNTO DE ACCESO ADICIONAL DE MATERIA--NOMBRE DE PERSONA
Nombre de persona Charles I
Títulos y otros términos asociados al nombre Rey de Inglaterra, Escocia e Irlanda
Fechas asociadas al nombre 1600-1649
9 (RLIN) 20760
650 14 - PUNTO DE ACCESO ADICIONAL DE MATERIA--TÉRMINO DE MATERIA
Término de materia o nombre geográfico como elemento de entrada Literatura
Subdivisión de forma Diarios
9 (RLIN) 20761
651 #4 - PUNTO DE ACCESO ADICIONAL DE MATERIA--NOMBRE GEOGRÁFICO
Nombre geográfico Inglaterra
Subdivisión general Historia
9 (RLIN) 20762
902 ## - CATALOGADOR
Iniciales GFM
942 ## - ELEMENTOS DE PUNTO DE ACCESO ADICIONAL (KOHA)
Fuente del sistema de clasificación o colocación Library of Congress Classification
Tipo de ítem Koha Libros
Holdings
Estado de retiro Estado de pérdida Estado dañado No para préstamo Localización permanente Ubicación/localización actual Fecha de adquisición Número de inventario Total de préstamos Signatura topográfica completa Código de barras Fecha visto por última vez Precio válido a partir de Tipo de ítem Koha
El ejemplar forma parte de la colección y puede ser consultado según las políticas vigentes.       Biblioteca del Museo Franz Mayer (Rogerio Casas-Alatriste) Biblioteca del Museo Franz Mayer (Rogerio Casas-Alatriste) 24/06/2014 R2   PZ3 .R38 1848 (R2) 8938 22/03/2019 22/03/2019 Libros